000
00205 a2200097 4500
001
4497
100
_a
Smith,S.P
245
_a
Problems in electrical engg
260
_a
_b
Constable
_c
090
_c
3695
_d
3695
942
_a
NUST-CAE
_c
M
_c
29928
999
_c
239570
_d
239570